Application for permission treated as appeal (Record no. 65796)

MARC details
000 -LEADER
fixed length control field 01337cam a2200217 4500
008 - FIXED-LENGTH DATA ELEMENTS--GENERAL INFORMATION
fixed length control field 000000n2000 000 0 eng u
035 ## - SYSTEM CONTROL NUMBER
System control number (Sirsi) u110329
245 ## - TITLE STATEMENT
Title Application for permission treated as appeal
260 ## - PUBLICATION, DISTRIBUTION, ETC.
Date of publication, distribution, etc. 2000
520 ## - SUMMARY, ETC.
Summary, etc. "Thurrock BC v SoS Environment and Terry Holding" CA 20 December 2000. Taking the CPR rules into consideration, held that the High Court had correctly exercised its discretion to amend a claim form so as to treat an application for permission to appeal a planning decision under the Town and Country Planning Act 1990 s289 as an appeal under s288 where the application for permission to appeal was made within the time limit and where an appeal under s288 lay as of right and where the proposed amendment did not add or substitute a new claim or seek relief Appeal dismissed. Copy of judgment available on www.courtservice.gov.uk/judgments/judg_home.htm
590 ## - LOCAL NOTE (RLIN)
Local note WB
650 ## - SUBJECT ADDED ENTRY--TOPICAL TERM
Topical term or geographic name entry element THURROCK BC V SOS ENVIRONMENT AND HOLDING
650 ## - SUBJECT ADDED ENTRY--TOPICAL TERM
Topical term or geographic name entry element CIVIL PROCEDURE RULES 1998
650 ## - SUBJECT ADDED ENTRY--TOPICAL TERM
Topical term or geographic name entry element PLANNING PERMISSION
650 ## - SUBJECT ADDED ENTRY--TOPICAL TERM
Topical term or geographic name entry element CORRECTION
650 ## - SUBJECT ADDED ENTRY--TOPICAL TERM
Topical term or geographic name entry element TOWN AND COUNTRY PLANNING ACT S288
650 ## - SUBJECT ADDED ENTRY--TOPICAL TERM
Topical term or geographic name entry element TOWN AND COUNTRY PLANNING ACT S289
690 ## - LOCAL SUBJECT ADDED ENTRY--TOPICAL TERM (OCLC, RLIN)
Topical term or geographic name as entry element ENVIRONMENTAL AND LAND CONSULTANCY-PLANNING AND DEVELOPMENT
856 ## - ELECTRONIC LOCATION AND ACCESS
Uniform Resource Identifier <a href="www.courtservice.gov.uk/judgments/judg_home.htm">www.courtservice.gov.uk/judgments/judg_home.htm</a>
942 ## - ADDED ENTRY ELEMENTS (KOHA)
Suppress in OPAC 0
Holdings
Withdrawn status Lost status Source of classification or shelving scheme Damaged status Not for loan Home library Current library Shelving location Date acquired Total Checkouts Barcode Date last seen Copy number Price effective from Koha item type
    Dewey Decimal Classification     Virtual Virtual Online 11/01/2001   110329-2001 06/08/2019 1 06/08/2019 Law report